Quizzes
Events
Quiz Creation
Community
Videos
Private Events
Remove Ads
Sign In
Join for FREE
Feedback
Dark Mode
Quiz Categories
Sports
Geography
Music
Movies
Television
Just For Fun
Miscellaneous
History
Literature
Language
Science
Gaming
Entertainment
Religion
Holiday
For Kids
Quiz Lab
Recent
Popular Today
Quiz Kudos Today
Editor Picks
Curator Picks
Quizzes by...
Day
Popularity
Type
Ratings
Length
Year
Community
Subscriptions
Recent Discussions
Orange Saloon
Badges
Playlists
Quests
Create
Leaderboards
Showdown
Live 5
Trivia Bingo
Activity
Puzzle Library
Sporcle Events
Private Events
Virtual Trivia
Globe League
Become a Host
Pub Owners
SporcleCon
Opinionation
Our Games
Videos
Blog
Mobile Apps
Partnerships
Remove Ads and Go Orange
Feedback
Miscellaneous
Crossword
General Knowledge
Baby Names
Logo
Food
Cars
Numbers
Grab Bag
University
College
Popular
Company
Slogans
Restaurants
Justice
Letter
Miscellaneous
Crossword
General Knowledge
Baby Names
Logo
Food
Cars
Numbers
Grab Bag
University
College
Popular
Company
Slogans
Restaurants
Justice
Letter
Random Quiz
Search Sporcle
×
Quiz Lab
Quiz Lab
Miscellaneous
Numbers
Type in answers that appear in a list
Type in answers that appear in a list
Classic
Best Score? Go Orange.
Largest Public Universities Stats
Can you name the public universities in the United States with the highest student enrollment?
By
tatef87
12m
25 Questions
3,136 Plays
3,136 Plays
3,136 Plays
Comments
Comments
Give Quiz Kudos
Give Quiz Kudos
-
- Ratings
hide this ad
More Info
Replay
Link that replays current quiz
Next Quiz
Link to next quiz in quiz playlist
You Got
0%
They Got
Avg Score
52%
Avg Friend Score
Upgrade to see
Score Distribution
Jump to the score distribution portion of the page
Score
0/25
Timer
12:00
0
Plays Today
Rankings
University
% Correct
6.
Texas
93.6%
3.
Florida
92.9%
14.
Michigan
91.6%
2.
Ohio State
90.6%
19.
Arizona
87.3%
18.
UCLA
85.8%
15.
Washington
85.7%
10.
Penn State
85%
8.
Michigan State
83.4%
17.
Florida State
82.5%
16.
Indiana
81.7%
1.
Arizona State
81.6%
12.
Wisconsin
80.7%
Rankings
University
% Correct
11.
Illinois
80.6%
4.
Minnesota
78.5%
21.
Maryland
72.3%
7.
Texas A&M
70.2%
13.
Purdue
54.8%
5.
Central Florida
50.2%
9.
South Florida
47.1%
24.
Eastern Michigan
30.2%
23
Toledo
26.1%
22.
CSU Fullerton
26.1%
20.
CSU Long Beach
20.7%
25.
Colorado - Denver
12.8%
Quiz Playlist
Details
Report
Send in Message
Add To Playlist
More Info:
Data includes both graduate and undergraduate students. Excludes universities whose enrollment is primarily online.
Classic:
Type in answers that appear in a list
Quiz Source
Last Updated: Feb 16, 2017
Quiz Scoreboard
CHALLENGE
Sign Up to Join the Scoreboard
Show All
Scores
Hide
Comments
May contain spoilers
Recently Published
9x9 Crossword: Cartoon Network
by jackfrog10
Miscellaneous
3m
College Basketball Coaching Resumes
by pancakes188
Sports
9m
Billboard Blitz: Fleetwood Mac
by CooCooCachoo
Music
15s
More to Explore
Quiz From the Vault
Featured Blog Post
Where Did the Easter Bunny Come From?
hide this ad
You Might Also Like...
Tags
Numbers Quiz
University Quiz
Banking
Enrolled
enrollment
largest
public
student
Today's Top Quizzes in Miscellaneous
Browse Miscellaneous
hide this ad
Today's Top Quizzes in Numbers
Browse Numbers
Top Contributed Quizzes in Miscellaneous
1
5-to-1: Fast Food
2
The JOE quick-fire general knowledge quiz: Day 174
3
The JOE quick-fire general knowledge quiz: Day 173
4
5-to-1: Cocktails
5
The JOE quick-fire general knowledge quiz: Day 172
6
Sunday Crossword: Famous Bodies of Water
7
The JOE quick-fire general knowledge quiz: Day 171
8
One Thing in Common: United Kingdom II
9
Named After an Animal - Odd One Out!
10
The JOE quick-fire quiz: Day 170
Explore More
Trending Topics
Kpop
Disney
Marvel
NBA
Crossword
Harry Potter
Anime
The Office
Puzzle
WWE
Soccer
Song
NFL
Country
Pokémon
hide this ad
More By:
tatef87
Quiz
Plays
Rating
Category
Featured
Created
Top 10 Things to do in the bathroom
10,470
3.22
Just For Fun
Sep 29, 2010
Largest Public Universities
3,136
2.72
Miscellaneous
Nov 26, 2009
Top 10 Most Populous Countries in 2050
2,633
2.67
Geography
Sep 29, 2010
2009 NCAAF Ranked Teams
1,199
3.67
Sports
Sep 24, 2010
Top 50 Cities in Oklahoma by Population
287
5.00
Geography
Aug 10, 2010
Go to Creator's Profile
Score Distribution
Quiz Creator Spotlight
tatef87
Follow
Send a Message
Quizzes Created
-
Created Quiz Play Count
-
More By This Creator
Popular Quizzes Today
1
Find the US States - No Outlines Minefield
2
Find the Countries of Europe - No Outlines Minefield
3
The Countries of the World
4
Find the US States
5
Risky Map Clicking: Biggest States A-Z
6
US States
7
Popular People in 1961
8
Movies - When Are They Set?
More Miscellaneous Quizzes
Tourist Attractions from Above
Published
Trending Quizzes
Risky Map Clicking: Least Populous States A-Z
1-10 Letter G Words
1-10 Letter F Words
Risky Map Clicking: Next State Alphabetically
Adjectives in 80s TV Shows
Recently Updated
Leaping Animals
pecheneg
Reality TV Shows (A-Z)
bhenderson79
Rickey Henderson's Hall of Fame Teammates
pecheneg
Champions League XIs: Arsenal
pecheneg
Quick Pick: Celebrities in WWE's Hall of Fame
aduchscher
A-Z Keypad Blitz II
pecheneg
Multiple Oscar Actors
pecheneg
Mystery Phrase Blitz: Oscar 'Best Actors'
pecheneg
F. Scott Fitzgerald Novels
LTH
Pick 3 Villains
ddd62291
Trending Topics
NBA
Kpop
Crossword
Disney
Harry Potter
Marvel
Anime
The Office
Song
WWE
NFL
Country
Soccer
Puzzle
Pokémon
Your Account Isn't Verified!
In order to create a playlist on Sporcle, you need to verify the email address you used during registration. Go to your
Sporcle Settings
to finish the process.
Report this User
Report this user for behavior that violates our
Community Guidelines
.
Details:
Send Report
Go to the Sporcle.com Mobile Site →
Comments